00741nam a2200193Ia 4500999001700000082001200017100002600029245010900055250002500164260004200189300001100231650004100242650003300283650002600316650003500342710005000377942000700427952011300434 c13772d13772 aTO.0019 aOyiengo, Karen Atieno 0aological study of the status of the teaching of English language in secondary schools in Kenya and India aJamia Millia Islamia aNew DelhibJamia Millia Islamiac2002 av, 242 aEnglish languagevStudy and teaching aEnglish languagevComparison aComparative education aEducationvAims and objectives aGhulam Dastgir and Ramesh Chandra Srisvastava cTH 00104070aNASSDOCbNASSDOCd1899-12-31i2006-03-06l0oTO.0019p43801r2019-04-18 00:00:00w2019-04-18yTH